000 00973nam a2200181 4500
005 20260311135914.0
008 260311b |||||||| |||| 00| 0 eng d
020 _a9783031275296
037 _cTextual
040 _aRTL
_cRTL
084 _qRTL
100 _aSumer, Levent
_91131674
245 _aThe world economy and financial system: A paradigm change offering a sustainable approach
260 _aSwitzerland
_bPalgrave macmillan
_c2023
300 _axxiii, 182 p.
_bIncludes bibliographical reference and index
520 _aThis book introduces a new economic and financial system to replace the flawed current system. The past financial crises, including the Great Depression, the Global Financial Crisis, the COVID-19 pandemic, and the ongoing war between Russia and Ukraine, have showed us that the global financial system has problems and that a paradigm change and mindset shift to provide a better world to society is essential.
942 _2CC
_n0
_cTEXL
999 _c1715122
_d1715122